000 01413namaa2200349 i 4500
003 EG-GICUC
005 20260211141845.0
008 260211s2005 ua |||jr|||| 000 0 ara d
017 _a2005 / 17388
_bدار الكتب والوثائق القومية (مصر)
040 _aEG-GiCUC
_bara
_cEG-GiCUC
_dEG-GiCUC
_erda
041 1 _aara
_heng
082 0 4 _221
_a337.1
_bS639
092 0 4 _221
_a337.1
_bS639
099 _a337.1 S639
100 1 _aسمايرز، جووست
_eمؤلف.
240 1 _aArts under pressure : promoting cultural diversity in the age of globalization
_sArabic
245 1 2 _aالفنون والآداب تحت ضغط العولمة /
_cجووست سمايرز ؛ ترجمة طلعت الشايب.
250 _aالطبعة الاولى
264 _aالقاهرة (مصر) :
_bالمجلس الاعلى للثقافة،
_c2005.
300 _a425 صفحة ؛
_c24 سم
336 _2rdacontent
_atext
337 _2rdamedia
_aUnmediated
338 _2rdacarrier
_avolume
490 _aالمشروع القومى للترجمة ؛
_v909
504 _aيشتمل على ارجاعات ببليوجرافية.
541 _aد. جابر عصفور ؛
_bالقاهرة ؛
_cإهداء ؛
_d2024.
650 1 0 _aالعولمة
_xالجوانب الاقتصادية
651 1 _2qrmak
700 1 _aالشايب، طلعت
_eمترجم.
905 _aAya
942 _2ddc
_cBK
_e21
_n0
999 _c178382
_d178382